[Event "FIDE World Cup 2023"]
[Site "Baku AZE"]
[Date "2023.08.01"]
[Round "1.4"]
[White "Hesham, Abdelrahman"]
[Black "Bartel, Mateusz"]
[Result "0-1"]
[WhiteTitle "GM"]
[BlackTitle "GM"]
[WhiteElo "2414"]
[BlackElo "2614"]
[WhiteFideId "10600183"]
[BlackFideId "1112635"]
[EventDate "2023.07.30"]
[EventType "k.o."]

1. d4 Nf6 2. c4 e6 3. Nc3 Bb4 4. a3 Bxc3+ 5. bxc3 Ne4 6. Qc2 f5 7. e3 O-O 8. Bd3
Nf6 9. Ne2 b6 10. O-O Nc6 11. Ng3 Ba6 12. e4 fxe4 13. Nxe4 Nxe4 14. Bxe4 Qh4 15.
Re1 Bxc4 16. Re3 d5 17. g3 Qh5 18. Bg2 e5 19. Bb2 e4 20. Qd1 Qxd1+ 21. Rxd1 Na5
22. Ree1 c6 23. Bc1 Bd3 24. Bf4 Nc4 25. f3 Rae8 26. fxe4 Bxe4 27. Bxe4 Rxe4 28.
Rxe4 dxe4 29. a4 Kf7 30. Re1 Re8 31. Kf2 a5 32. Re2 h5 33. h3 Kf6 34. g4 hxg4
35. hxg4 b5 36. axb5 cxb5 37. d5 g5 38. Bc7 a4 39. Ke1 a3 40. Kd1 Ra8 41. Rf2+
Ke7 42. Ra2 Ne3+ 43. Kd2 Nxd5 44. Be5 Ke6 45. Bd4 b4 46. Kc2 Nxc3 47. Ra1 Kd5
48. Bxc3 bxc3 49. Kxc3 a2 50. Kb2 Ke5 0-1

[Event "FIDE World Cup 2023"]
[Site "Baku AZE"]
[Date "2023.08.01"]
[Round "1.4"]
[White "Brkic, Ante"]
[Black "Matamoros Franco, Carlos S."]
[Result "0-1"]
[WhiteTitle "GM"]
[BlackTitle "GM"]
[WhiteElo "2608"]
[BlackElo "2441"]
[WhiteFideId "14506688"]
[BlackFideId "3600017"]
[EventDate "2023.07.30"]
[EventType "k.o."]

1. e4 c6 2. d4 d5 3. exd5 cxd5 4. Bd3 Nf6 5. c3 Bg4 6. Nf3 Qc7 7. Bg5 Nc6 8.
Nbd2 e6 9. Bh4 Bd6 10. Bg3 Nh5 11. Bxd6 Qxd6 12. O-O Nf4 13. Bc2 f6 14. Re1 O-O
15. h3 Bh5 16. Nf1 Kh8 17. Ng3 Bf7 18. Qd2 Rad8 19. Kh1 g5 20. b4 Ne7 21. Re3
Nc8 22. Rae1 Nb6 23. Bb3 Rde8 24. a4 Qc7 25. Ne2 Rg8 26. a5 Nc8 27. Nh2 Nh5 28.
Ng4 Nd6 29. Nh6 Rgf8 30. Nxf7+ Qxf7 31. Rf3 Ne4 32. Qa2 Qg6 33. Ng1 g4 34. hxg4
Qxg4 35. Nh3 Rg8 36. Rg1 Rg6 37. Bd1 Reg8 38. Kh2 Qh4 39. g3 Nhxg3 40. fxg3 Rxg3
41. Rgxg3 Rxg3 0-1

[Event "FIDE World Cup 2023"]
[Site "Baku AZE"]
[Date "2023.08.01"]
[Round "1.4"]
[White "Safarli, Eltaj"]
[Black "Sanchez Alvarez, Roberto Carlos"]
[Result "1-0"]
[WhiteTitle "GM"]
[BlackTitle "IM"]
[WhiteElo "2607"]
[BlackElo "2444"]
[WhiteFideId "13402129"]
[BlackFideId "3508684"]
[EventDate "2023.07.30"]
[EventType "k.o."]

1. e4 c5 2. Nf3 d6 3. d4 cxd4 4. Nxd4 Nf6 5. Bb5+ Nbd7 6. Bd3 g6 7. O-O Bg7 8.
Nc3 O-O 9. Re1 a6 10. h3 e5 11. Nb3 Qc7 12. Bg5 h6 13. Be3 b5 14. a4 b4 15. Na2
Bb7 16. Nxb4 a5 17. Na2 Nxe4 18. Bxe4 Bxe4 19. Nc3 Bc6 20. Qd2 Kh7 21. Rad1 Rfd8
22. Qxd6 Qb7 23. f3 Nb6 24. Nxa5 Rxa5 25. Qxd8 Nc4 26. b3 Ra8 27. Qh4 Nxe3 28.
Rxe3 f5 29. Kh1 Rc8 30. Red3 e4 31. fxe4 Re8 32. Qg3 fxe4 33. Rd6 g5 34. Qe3 Be5
35. Rxc6 Qxc6 36. Qxe4+ Qg6 37. Qxg6+ Kxg6 38. Re1 Kf5 39. Nd5 Rd8 40. Ne7+ 1-0

[Event "FIDE World Cup 2023"]
[Site "Baku AZE"]
[Date "2023.08.01"]
[Round "1.4"]
[White "Vokhidov, Shamsiddin"]
[Black "Gadimbayli, Abdulla"]
[Result "1/2-1/2"]
[WhiteTitle "GM"]
[BlackTitle "GM"]
[WhiteElo "2597"]
[BlackElo "2483"]
[WhiteFideId "14204223"]
[BlackFideId "13404938"]
[EventDate "2023.07.30"]
[EventType "k.o."]

1. e4 c5 2. Nf3 e6 3. c3 d5 4. exd5 Qxd5 5. d4 Nf6 6. Na3 a6 7. Nc4 Nbd7 8. Be2
b5 9. Ne3 Qc6 10. a4 Bb7 11. dxc5 Qxc5 12. O-O Be7 13. Qb3 O-O 14. axb5 axb5 15.
Rxa8 Bxa8 16. Qxb5 Qa7 17. Nc4 Rb8 18. Qa5 Qb7 19. Bf4 Rc8 20. Be3 Nd5 21. Rd1
Nxe3 22. Nxe3 Nf6 23. b4 Qc7 24. Qxc7 Rxc7 25. Bc4 Ne4 26. Ra1 Rc8 27. Ra7 Bf6
28. Ba6 Rb8 29. c4 h5 30. Nc2 g5 31. c5 Bd5 32. Rc7 Bb3 33. Nfe1 Kg7 34. c6 Ba4
35. b5 Nd6 36. Na3 Bb2 37. Nec2 Rb6 38. Rd7 Bxa3 39. Nxa3 Nxb5 40. Bxb5 Bxb5 41.
Nxb5 Rxb5 42. Kf1 Rc5 43. c7 Kf6 44. Ke2 e5 45. Rd6+ Ke7 46. Rd5 Rxc7 47. Rxe5+ 1/2-1/2

[Event "FIDE World Cup 2023"]
[Site "Baku AZE"]
[Date "2023.08.01"]
[Round "1.4"]
[White "Piorun, Kacper"]
[Black "Acosta, Pablo Ismael"]
[Result "1-0"]
[WhiteTitle "GM"]
[BlackTitle "IM"]
[WhiteElo "2597"]
[BlackElo "2485"]
[WhiteFideId "1130420"]
[BlackFideId "124311"]
[EventDate "2023.07.30"]
[EventType "k.o."]

1. Nf3 Nf6 2. b3 e6 3. Bb2 Be7 4. g3 O-O 5. Bg2 c5 6. O-O Nc6 7. c4 d5 8. e3 b6
9. Nc3 Ba6 10. Qe2 Rc8 11. d3 Qc7 12. Rac1 Rfd8 13. Rfd1 Qb8 14. Qe1 h6 15. e4
d4 16. Nb1 Nd7 17. Qe2 Bb7 18. Rf1 Rf8 19. Rce1 e5 20. Bc1 Rce8 21. Kh1 a6 22.
Ng1 Bc8 23. f4 Nf6 24. Nd2 Qc7 25. Ndf3 Bd7 26. Nh3 b5 27. Nf2 Ng4 28. Nd1 Nf6
29. f5 Rb8 30. Nf2 Nh7 31. Rg1 a5 32. h4 Qd8 33. Ng4 f6 34. Nf2 bxc4 35. bxc4
Nb4 36. g4 Ba4 37. g5 fxg5 38. Nxe5 Nc2 39. Ref1 Ne3 40. Bxe3 dxe3 41. Qxe3 Bf6
42. Nfg4 Qd6 43. Nxf6+ Nxf6 44. Ng6 Qh2+ 45. Kxh2 Ng4+ 46. Kg3 Nxe3 47. Rf3 Nxg2
48. Rxg2 gxh4+ 49. Kxh4 Rf7 50. Nf4 Bd7 51. Rff2 Rd8 52. Rg6 Kh7 53. Rfg2 Bxf5
54. exf5 Rd4 55. R2g4 a4 56. Ne6 Rxd3 57. Rxg7+ Rxg7 58. Rxg7+ Kh8 59. f6 Rf3
60. f7 Rf4+ 61. Kg3 1-0

[Event "FIDE World Cup 2023"]
[Site "Baku AZE"]
[Date "2023.08.01"]
[Round "1.4"]
[White "Avila Pavas, Santiago"]
[Black "Smirin, Ilia"]
[Result "1/2-1/2"]
[WhiteTitle "GM"]
[BlackTitle "GM"]
[WhiteElo "2499"]
[BlackElo "2595"]
[WhiteFideId "4437128"]
[BlackFideId "2801990"]
[EventDate "2023.07.30"]
[EventType "k.o."]

1. e4 c5 2. Nf3 Nc6 3. d4 cxd4 4. Nxd4 Qb6 5. Nb3 Nf6 6. Nc3 e6 7. Be3 Qc7 8.
Bd3 d6 9. f4 a6 10. Qf3 b5 11. g4 Nd7 12. g5 g6 13. h4 Bg7 14. h5 Nb4 15. Bd2
Bb7 16. h6 Bf8 17. a3 Nxd3+ 18. cxd3 Rc8 19. Rc1 Qb8 20. O-O Be7 21. d4 Nb6 22.
d5 Nc4 23. dxe6 fxe6 24. Qh3 Qa7+ 25. Kh2 Kd7 26. Rc2 Rhf8 27. Nd5 Bd8 28. Bc1
a5 29. Rd1 Bb6 30. Re2 a4 31. Nd2 Bxd5 32. exd5 Ne3 33. Rde1 Rf5 34. Ne4 Nxd5
35. Qd3 Qa6 36. Ng3 Rxc1 37. Rxc1 Nxf4 38. Qc3 Bc5 39. Nxf5 Nxe2 40. Qg7+ Kc6
41. Ne7+ Kb6 42. Re1 Nd4 43. Qf8 Qb7 44. Rf1 Qe4 45. Qb8+ Ka6 46. Qc8+ Ka5 47.
Qc7+ Bb6 48. Qc3+ Ka6 49. Qc8+ Ka5 50. Qc3+ Ka6 51. Qc8+ 1/2-1/2

[Event "FIDE World Cup 2023"]
[Site "Baku AZE"]
[Date "2023.08.01"]
[Round "1.4"]
[White "Suleymenov, Alisher"]
[Black "Albornoz Cabrera, Carlos Daniel"]
[Result "1/2-1/2"]
[WhiteTitle "IM"]
[BlackTitle "GM"]
[WhiteElo "2499"]
[BlackElo "2591"]
[WhiteFideId "13707833"]
[BlackFideId "3518736"]
[EventDate "2023.07.30"]
[EventType "k.o."]

1. e4 c5 2. Nf3 d6 3. Bb5+ Bd7 4. Bxd7+ Nxd7 5. O-O e6 6. Qe2 Be7 7. b3 Bf6 8.
c3 Ne7 9. d4 cxd4 10. cxd4 Nc6 11. Bb2 O-O 12. Nbd2 d5 13. e5 Be7 14. Rfd1 a5
15. a3 Qb6 16. h4 Rfc8 17. h5 h6 18. Rab1 Na7 19. a4 Nc6 20. Rbc1 Nb4 21. Nf1
Na2 22. Rxc8+ Rxc8 23. Qd3 Qa6 24. Qxa6 bxa6 25. Ne3 Nb4 26. Kf1 Nc2 27. Ng4 Nb4
28. Ne1 f5 29. exf6 Nxf6 30. Nxf6+ Bxf6 31. g3 Kf7 32. Ke2 Nc2 33. Ng2 Nb4 34.
Ne3 Nc2 35. Ng4 Nb4 36. Nxf6 Rc2+ 37. Rd2 Rxd2+ 38. Kxd2 Kxf6 39. f3 Kg5 40. g4
g6 41. hxg6 Kxg6 42. Bc3 Nc6 43. Ke3 h5 44. Kf4 hxg4 45. fxg4 Kf6 46. Kf3 Kg6
47. Kg3 Kf7 48. Kf3 Kg6 49. Kf4 Kf6 50. g5+ Kg6 51. Kg4 e5 52. dxe5 d4 53. Bd2
Nxe5+ 54. Kf4 Nd3+ 55. Ke4 Nc5+ 56. Kxd4 Nxb3+ 57. Kc3 Nxd2 58. Kxd2 Kxg5 59.
Kd3 Kf6 60. Kd4 Ke6 61. Kc5 Kd7 62. Kb6 Kc8 63. Ka7 Kc7 64. Kxa6 Kb8 65. Kxa5
Ka8 66. Kb5 Ka7 67. a5 Ka8 68. Kb6 Kb8 69. a6 Ka8 70. a7 1/2-1/2

[Event "FIDE World Cup 2023"]
[Site "Baku AZE"]
[Date "2023.08.01"]
[Round "1.4"]
[White "Gurel, Ediz"]
[Black "Ivic, Velimir"]
[Result "0-1"]
[WhiteTitle "IM"]
[BlackTitle "GM"]
[WhiteElo "2500"]
[BlackElo "2590"]
[WhiteFideId "44507356"]
[BlackFideId "950122"]
[EventDate "2023.07.30"]
[EventType "k.o."]

1. e4 e5 2. Nf3 Nf6 3. d4 Nxe4 4. Bd3 d5 5. dxe5 Be7 6. O-O Nc5 7. Be2 O-O 8.
Be3 c6 9. Nbd2 Ne6 10. Nb3 c5 11. c3 Nc6 12. Qd2 b6 13. Rad1 Bb7 14. Rfe1 Qc7
15. Bf1 Rad8 16. Qc2 Rfe8 17. Qf5 g6 18. Qh3 Bc8 19. Qg3 Bf8 20. h4 Bg7 21. Bb5
h5 22. Nc1 a6 23. Bxc6 Qxc6 24. b3 Bb7 25. Ne2 Rd7 26. Rd2 a5 27. Rdd1 a4 28.
Nf4 Nxf4 29. Bxf4 axb3 30. axb3 Qe6 31. Ng5 Qg4 32. Qh2 Rde7 33. e6 f6 34. f3
Qf5 35. Bd6 fxg5 36. Bxe7 Rxe7 37. Qd6 Bf8 38. hxg5 Qxg5 39. Re5 Qf6 40. Rde1
Bh6 41. Qxb6 Bd2 42. Ra1 Bxc3 0-1

[Event "FIDE World Cup 2023"]
[Site "Baku AZE"]
[Date "2023.08.01"]
[Round "1.4"]
[White "Paichadze, Luka"]
[Black "Jumabayev, Rinat"]
[Result "1/2-1/2"]
[WhiteTitle "GM"]
[BlackTitle "GM"]
[WhiteElo "2501"]
[BlackElo "2589"]
[WhiteFideId "13602934"]
[BlackFideId "13702661"]
[EventDate "2023.07.30"]
[EventType "k.o."]

1. e4 c5 2. Nf3 d6 3. d4 cxd4 4. Qxd4 Nf6 5. Bg5 Nc6 6. Bb5 Bd7 7. Qd3 h6 8.
Bxf6 gxf6 9. Nc3 e6 10. O-O-O a6 11. Bxc6 bxc6 12. Nd2 d5 13. f4 Qb6 14. f5
O-O-O 15. Rhf1 Be7 16. Nb3 h5 17. Qe2 Rde8 18. a4 a5 19. Rf3 h4 20. Qd3 Kb8 21.
Kb1 Bc8 22. Qd2 Rhg8 23. exd5 exd5 24. Nd4 Bb7 25. Qf4+ Qc7 26. Qxh4 Bd6 27.
Qxf6 Bxh2 28. Nb3 Be5 29. Qh4 Rxg2 30. Re3 f6 31. Nc5 Bc8 32. Ne2 Ka8 33. Nf4
Rgg8 34. Nfe6 Qa7 35. Rb3 Bxe6 36. Nxe6 Rb8 37. Rdd3 Rxb3 38. Rxb3 Rb8 39. Qh3
Rxb3 40. Qxb3 Qb7 41. Nc5 Qxb3 42. Nxb3 Bc7 43. c3 Bb6 44. Kc2 Kb7 45. c4 Kc8
46. Kd3 Kd7 47. cxd5 cxd5 48. Nd2 Kd6 49. Nf3 Kc5 50. b3 1/2-1/2

[Event "FIDE World Cup 2023"]
[Site "Baku AZE"]
[Date "2023.08.01"]
[Round "1.4"]
[White "Adhiban, Baskaran"]
[Black "Henderson de La Fuente, Lance"]
[Result "1-0"]
[WhiteTitle "GM"]
[BlackTitle "GM"]
[WhiteElo "2587"]
[BlackElo "2517"]
[WhiteFideId "5018471"]
[BlackFideId "32096585"]
[EventDate "2023.07.30"]
[EventType "k.o."]

1. d4 d5 2. c4 e6 3. Nf3 c6 4. e3 Nf6 5. Nc3 Nbd7 6. Bd3 dxc4 7. Bxc4 b5 8. Bd3
Bd6 9. O-O O-O 10. b3 a6 11. a4 Bb7 12. Bb2 Qe7 13. Rc1 e5 14. Ne4 Nxe4 15. Bxe4
Rad8 16. dxe5 Bb8 17. Qc2 h6 18. axb5 axb5 19. Qc3 Rfe8 20. Rfd1 Nc5 21. Rxd8
Rxd8 22. Qb4 Qf8 23. Bb1 Nd3 24. Qxf8+ Kxf8 25. Rd1 1-0

[Event "FIDE World Cup 2023"]
[Site "Baku AZE"]
[Date "2023.08.01"]
[Round "1.4"]
[White "Blohberger, Felix"]
[Black "Mastrovasilis, Dimitrios"]
[Result "1-0"]
[WhiteTitle "GM"]
[BlackTitle "GM"]
[WhiteElo "2522"]
[BlackElo "2587"]
[WhiteFideId "1632051"]
[BlackFideId "4202694"]
[EventDate "2023.07.30"]
[EventType "k.o."]

1. e4 c5 2. Nf3 e6 3. d4 cxd4 4. Nxd4 a6 5. c4 Nf6 6. Nc3 Bb4 7. Qd3 d6 8. Nc2
Bxc3+ 9. Qxc3 O-O 10. Bd3 d5 11. exd5 exd5 12. O-O dxc4 13. Bxc4 Nc6 14. Ne3 Qd4
15. Qxd4 Nxd4 16. Rd1 Rd8 17. b3 Be6 18. Bb2 Nc6 19. Bxf6 gxf6 20. Nd5 Bxd5 21.
Bxd5 Nb4 22. Bxb7 Rxd1+ 23. Rxd1 Ra7 24. Rd7 Nxa2 25. Bc6 Rxd7 26. Bxd7 Kf8 27.
Kf1 Ke7 28. Bf5 h6 29. Ke1 Kd6 30. Kd2 Kc5 31. Bd3 a5 32. Be4 Kd4 33. Bc6 Nc3
34. h4 f5 35. g3 Ne4+ 36. Ke2 Nc5 37. Kf3 Nxb3 38. Kf4 Nc5 39. Kxf5 a4 40. Bxa4
Nxa4 41. g4 Nc5 42. h5 Ne4 43. f3 Ng3+ 44. Kf6 Ke3 45. Kxf7 Kxf3 46. g5 hxg5 47.
h6 g4 48. h7 Ne4 49. h8=Q g3 50. Qh5+ Kf4 51. Qh1 Nf2 52. Qg2 Ng4 53. Kg6 Ne3
54. Qe2 Ng4 55. Kh5 Ne3 56. Kh4 Nf5+ 57. Kh3 Ne3 58. Qb2 g2 59. Qf2+ Ke4 60. Kg3
Kd3 61. Kf3 Nf5 62. Kxg2 1-0

[Event "FIDE World Cup 2023"]
[Site "Baku AZE"]
[Date "2023.08.01"]
[Round "1.4"]
[White "Suleymanli, Aydin"]
[Black "Xu, Yinglun"]
[Result "1/2-1/2"]
[WhiteTitle "GM"]
[BlackTitle "GM"]
[WhiteElo "2586"]
[BlackElo "2531"]
[WhiteFideId "13413937"]
[BlackFideId "8604940"]
[EventDate "2023.07.30"]
[EventType "k.o."]

1. e4 c5 2. Nf3 d6 3. Bb5+ Bd7 4. Bxd7+ Nxd7 5. O-O e6 6. Qe2 Be7 7. c4 Bf6 8.
Rd1 Ne5 9. Ne1 Nc6 10. Nc2 Nge7 11. Nc3 O-O 12. d3 Nd4 13. Nxd4 Bxd4 14. Nb5 Nc6
15. Be3 Bxe3 16. Qxe3 a6 17. Nc3 b5 18. Ne2 e5 19. f4 bxc4 20. dxc4 Nd4 21. Rd2
a5 22. f5 h6 23. Rf1 Qg5 24. Qd3 Rfb8 25. Nc3 Rb7 26. Rff2 a4 27. h3 h5 28. g3
h4 29. Rg2 hxg3 30. Kh1 Qh6 31. Qxg3 Rb4 32. Qd3 Rab8 33. a3 Rb3 34. Qg3 Kh7 35.
Rdf2 f6 36. Kh2 Qg5 37. Qd3 Qh4 38. Kg1 R8b7 39. Rg4 Qh6 40. Rgg2 Qc1+ 41. Rf1
Qh6 42. Rff2 Qc1+ 43. Rf1 Qh6 44. Rff2 1/2-1/2

[Event "FIDE World Cup 2023"]
[Site "Baku AZE"]
[Date "2023.08.01"]
[Round "1.4"]
[White "Kozul, Zdenko"]
[Black "Sanal, Vahap"]
[Result "1-0"]
[WhiteTitle "GM"]
[BlackTitle "GM"]
[WhiteElo "2532"]
[BlackElo "2585"]
[WhiteFideId "14502879"]
[BlackFideId "6300545"]
[EventDate "2023.07.30"]
[EventType "k.o."]

1. Nf3 d5 2. g3 g6 3. Bg2 Bg7 4. d4 Nf6 5. O-O O-O 6. c3 c6 7. Nbd2 Nbd7 8. Re1
c5 9. a4 a5 10. Nb3 b6 11. Ne5 Bb7 12. Bg5 Nxe5 13. dxe5 Ng4 14. e4 Nxe5 15.
exd5 Re8 16. Bf4 Nc4 17. Nd2 Nd6 18. Qb3 Ba6 19. Bf1 Bxf1 20. Kxf1 Rc8 21. Bxd6
Qxd6 22. Rad1 Rb8 23. Nc4 Qd7 24. Qb5 Qxb5 25. axb5 Bf8 26. f4 Red8 27. Kf2 Rb7
28. Kf3 Bg7 29. g4 Kf8 30. g5 Rbd7 31. h4 h5 32. Rd2 Rb8 33. Ke4 Rbd8 34. Red1
Rb8 35. f5 Ke8 36. fxg6 fxg6 37. Re1 Rbd8 38. Rf1 Rb8 39. Rdf2 e6 40. dxe6 Re7
41. Nd6+ Kd8 42. Kd5 1-0

[Event "FIDE World Cup 2023"]
[Site "Baku AZE"]
[Date "2023.08.01"]
[Round "1.4"]
[White "Fawzy, Adham"]
[Black "Supi, Luis Paulo"]
[Result "0-1"]
[WhiteTitle "GM"]
[BlackTitle "GM"]
[WhiteElo "2533"]
[BlackElo "2582"]
[WhiteFideId "10613129"]
[BlackFideId "2106388"]
[EventDate "2023.07.30"]
[EventType "k.o."]

1. e4 c5 2. Nf3 Nc6 3. Bb5 e6 4. Bxc6 bxc6 5. d3 Ne7 6. b3 d6 7. Bb2 e5 8. Nbd2
Ng6 9. h4 h5 10. Nc4 f6 11. Ne3 d5 12. g3 Be6 13. Qe2 Bd6 14. O-O Kf7 15. Ne1
Qd7 16. N1g2 Rae8 17. Rae1 d4 18. Nc4 Bxc4 19. dxc4 Qh3 20. Bc1 Nf8 21. f4 Qxg3
22. f5 g5 23. Rf3 Qg4 24. Kh2 gxh4 25. Nxh4 Rg8 26. Qf2 Qg7 27. Rf1 Ke7 28. Rh3
Kd8 29. Nf3 Qf7 30. Rg1 Rg4 31. Rh4 Nd7 32. Rgxg4 hxg4 33. Rxg4 Rg8 34. Rxg8+
Qxg8 35. Qh4 Be7 36. Qh5 Nb6 37. Qg6 Qh8+ 38. Kg2 Nc8 39. Bh6 Bf8 40. Bg5 fxg5
41. Nxg5 Kc7 42. f6 Kb6 43. Nh7 Bd6 44. Kf3 Qd8 45. Qg7 Qe8 46. Kg4 Qd8 47. Kh5
Qe8+ 48. Kg5 Qe6 49. Kh4 Qe8 50. Kg4 Qe6+ 51. Kg3 Ne7 52. fxe7 Bxe7 53. Ng5 Bxg5
54. Qxg5 Qd6 55. Kg4 Qe6+ 56. Kg3 Qd6 57. Kh4 Qe6 58. Qg7 Qd6 59. Kg5 Qe6 60.
Qf6 Qg8+ 61. Kf5 Qg2 62. Qd8+ Kb7 63. Qe7+ Kb6 64. Qd8+ Kb7 65. Kxe5 Qxc2 66.
Kd6 Qxe4 67. Qc7+ Ka6 68. Kxc5 Qf5+ 69. Kb4 Qe6 70. Qd8 Kb7 71. Qxd4 Qe7+ 72. c5
Qe1+ 73. Ka4 Qe7 74. Qd6 Qg7 75. b4 Qf7 76. a3 Qe8 77. Ka5 Qf7 78. a4 Qe8 79. b5
Qe1+ 0-1

[Event "FIDE World Cup 2023"]
[Site "Baku AZE"]
[Date "2023.08.01"]
[Round "1.4"]
[White "Gumularz, Szymon"]
[Black "Janik, Igor"]
[Result "0-1"]
[WhiteTitle "GM"]
[BlackTitle "GM"]
[WhiteElo "2577"]
[BlackElo "2548"]
[WhiteFideId "1188062"]
[BlackFideId "1159259"]
[EventDate "2023.07.30"]
[EventType "k.o."]

1. Nf3 Nf6 2. g3 b5 3. Bg2 Bb7 4. O-O e6 5. d3 d6 6. c4 bxc4 7. dxc4 Nbd7 8. b3
Be7 9. Bb2 O-O 10. Qc2 Nc5 11. Rd1 a5 12. Nc3 Ra6 13. Nb5 h6 14. Bd4 Nfd7 15.
Rac1 Qb8 16. Nc3 Bf6 17. Be3 Qa8 18. h3 Rc8 19. Kh2 Ne4 20. Nb5 Nec5 21. Qd2 Ne4
22. Qe1 Ng5 23. Bxg5 Bxg5 24. Nxg5 Bxg2 25. f3 hxg5 26. Kxg2 Qc6 27. Rd4 Qc5 28.
Qd2 Nf6 29. e4 Qe5 30. Nc3 Nh5 31. Ne2 c5 32. Rd3 a4 33. Qc3 axb3 34. Qxe5 dxe5
35. axb3 Ra2 36. Kf1 Rb8 37. Rb1 Rba8 38. Ke1 Rb8 39. Kd1 g6 40. Rd2 Ra3 41. Kc2
f5 42. g4 Nf6 43. Nc3 Kf7 44. Re2 f4 45. Na4 Ra2+ 46. Rb2 Rxb2+ 47. Kxb2 Nd7 48.
Rd2 Ke7 49. Kc3 Rh8 50. Rxd7+ Kxd7 51. Nxc5+ Ke7 52. Nd3 Rxh3 53. Nxe5 Rh1 54.
b4 Kd6 55. Nd3 Kc6 56. b5+ Kb6 57. Ne5 Kc5 58. Nd7+ Kd6 59. Nb6 Rf1 60. Kb4 Rb1+
61. Kc3 Rf1 62. e5+ Kc7 63. c5 Rxf3+ 64. Kb4 Re3 65. Nc4 Re4 66. Kc3 f3 67. b6+
Kd7 68. Na5 f2 69. b7 Kc7 70. Nc6 Kxb7 0-1

[Event "FIDE World Cup 2023"]
[Site "Baku AZE"]
[Date "2023.08.01"]
[Round "1.4"]
[White "Cheng, Bobby"]
[Black "Iskandarov, Misratdin"]
[Result "0-1"]
[WhiteTitle "GM"]
[BlackTitle "GM"]
[WhiteElo "2572"]
[BlackElo "2551"]
[WhiteFideId "4300033"]
[BlackFideId "13400312"]
[EventDate "2023.07.30"]
[EventType "k.o."]

1. d4 Nf6 2. c4 g6 3. Nc3 Bg7 4. e4 d6 5. Be2 O-O 6. Be3 Nc6 7. d5 Ne5 8. f4
Ned7 9. Nh3 e6 10. dxe6 fxe6 11. O-O Qe7 12. Bf3 Nb6 13. Qd3 e5 14. fxe5 Qxe5
15. Bd4 Qe7 16. Nf4 c6 17. Rad1 Nbd7 18. Qd2 Ne5 19. Be2 Bg4 20. b3 Bxe2 21.
Nfxe2 Nfg4 22. h3 Bh6 23. Nf4 Qh4 24. Nce2 Rae8 25. Kh1 Nf6 26. Qc2 Bg7 27. Nc3
g5 28. Nfe2 g4 29. Bf2 Qh6 30. h4 Nh5 31. g3 Rf3 32. Kg2 Ng6 33. Qc1 Qxc1 34.
Rxc1 Be5 35. c5 dxc5 36. Bxc5 Nxg3 37. Rxf3 Nxe2 38. Nxe2 Nxh4+ 39. Kf2 Nxf3 40.
Rh1 b6 41. Be3 Rf8 42. Kg2 Re8 43. Rh6 c5 44. Rc6 Kg7 45. a4 h5 46. Ng3 Bxg3 47.
Kxg3 Rxe4 48. Bf4 Nd4 49. Bh6+ Kf7 50. Rc7+ Kg6 51. Bd2 h4+ 52. Kf2 Re2+ 0-1

[Event "FIDE World Cup 2023"]
[Site "Baku AZE"]
[Date "2023.08.01"]
[Round "1.4"]
[White "Can, Emre"]
[Black "Quesada Perez, Luis Ernesto"]
[Result "1-0"]
[WhiteTitle "GM"]
[BlackTitle "GM"]
[WhiteElo "2570"]
[BlackElo "2553"]
[WhiteFideId "6302181"]
[BlackFideId "3520773"]
[EventDate "2023.07.30"]
[EventType "k.o."]

1. d4 d5 2. c4 e6 3. Nf3 a6 4. g3 dxc4 5. Bg2 Nc6 6. O-O Rb8 7. Qc2 b5 8. b3 Nb4
9. Qb2 cxb3 10. Qxb3 Nf6 11. Bd2 Nbd5 12. Ne5 Bb7 13. a4 b4 14. a5 Ba8 15. e4
Ne7 16. d5 exd5 17. Re1 Rb5 18. Bf1 c5 19. Bxb5+ axb5 20. Bxb4 cxb4 21. Qxb4 Nd7
22. Qxb5 f6 23. Nxd7 Qxd7 24. Nc3 d4 25. Red1 Bc6 26. Qc4 Nc8 27. Rxd4 Nd6 28.
Qb3 Be7 29. a6 Ba8 30. Rad1 Qc6 31. a7 Nc8 32. Nb5 Qb6 33. Qc4 1-0

[Event "FIDE World Cup 2023"]
[Site "Baku AZE"]
[Date "2023.08.01"]
[Round "1.4"]
[White "Nesterov, Arseniy"]
[Black "Peralta, Fernando"]
[Result "1-0"]
[WhiteTitle "GM"]
[BlackTitle "GM"]
[WhiteElo "2554"]
[BlackElo "2568"]
[WhiteFideId "24198455"]
[BlackFideId "105309"]
[EventDate "2023.07.30"]
[EventType "k.o."]

1. d4 d5 2. c4 e6 3. Nf3 Nf6 4. g3 Bb4+ 5. Bd2 Be7 6. Bg2 O-O 7. O-O c6 8. Qc2
Nbd7 9. b3 b5 10. c5 a5 11. Bf4 Ne4 12. Nbd2 f5 13. Nxe4 fxe4 14. Nd2 Bf6 15.
Rad1 Bxd4 16. Nxe4 Bf6 17. Nxf6+ Nxf6 18. e4 Rf7 19. Rfe1 b4 20. Rd2 Raa7 21.
exd5 exd5 22. Rde2 Rae7 23. Bd6 Rxe2 24. Qxe2 Bd7 25. f3 h6 26. Qe5 Ne8 27. Be7
Qc8 28. g4 Nc7 29. Bd6 Nb5 30. h4 Rf6 31. Qe7 Rf7 32. Qe3 Nxd6 33. cxd6 Qf8 34.
Qc5 Rxf3 35. Bxf3 Qxf3 36. Re7 Qg3+ 37. Kf1 Bxg4 38. Qf2 Bh3+ 39. Ke2 Bg4+ 40.
Ke1 Qc3+ 41. Kf1 Bf3 42. Re3 1-0

[Event "FIDE World Cup 2023"]
[Site "Baku AZE"]
[Date "2023.08.01"]
[Round "1.4"]
[White "Asadli, Vugar"]
[Black "Le, Tuan Minh"]
[Result "1-0"]
[WhiteTitle "GM"]
[BlackTitle "GM"]
[WhiteElo "2567"]
[BlackElo "2557"]
[WhiteFideId "13405764"]
[BlackFideId "12401153"]
[EventDate "2023.07.30"]
[EventType "k.o."]

1. e4 e5 2. Nf3 Nc6 3. Bb5 a6 4. Ba4 Nf6 5. O-O Nxe4 6. d4 b5 7. Bb3 d5 8. dxe5
Be6 9. Nbd2 Nc5 10. c3 Be7 11. Nd4 Qd7 12. Bc2 Nxe5 13. f4 Bg4 14. Qe1 Ned3 15.
Qg3 Nxc1 16. Raxc1 g6 17. b4 Na4 18. Rce1 O-O-O 19. Bxa4 bxa4 20. Rxe7 Qxe7 21.
Qxg4+ Kb7 22. Qf3 Rhe8 23. Nc4 Qe4 24. Ne5 Qxf3 25. Rxf3 f6 26. Nd3 Kb6 27. f5
Rd6 28. Kf2 a5 29. b5 a3 30. Rh3 Rd7 31. Rh6 Rg8 32. h4 Rdg7 33. g4 Re7 34. g5
Rf7 35. Ke3 Re8+ 36. Kd2 Rg8 37. h5 gxh5 38. Ne5 Re7 39. gxf6 Rg2+ 40. Kd3 Rg3+
41. Kc2 Rg2+ 42. Kb3 a4+ 43. Kxa3 1-0

[Event "FIDE World Cup 2023"]
[Site "Baku AZE"]
[Date "2023.08.01"]
[Round "1.4"]
[White "Laurusas, Tomas"]
[Black "Mchedlishvili, Mikheil"]
[Result "1/2-1/2"]
[WhiteTitle "GM"]
[BlackTitle "GM"]
[WhiteElo "2566"]
[BlackElo "2561"]
[WhiteFideId "12803731"]
[BlackFideId "13600966"]
[EventDate "2023.07.30"]
[EventType "k.o."]

1. Nf3 d5 2. g3 g6 3. c4 c6 4. Qa4 e6 5. d4 Bg7 6. Bg2 Ne7 7. O-O O-O 8. h4 Nd7
9. Qc2 b6 10. Nbd2 c5 11. dxc5 Nxc5 12. Nb3 Ba6 13. Nxc5 bxc5 14. cxd5 Nxd5 15.
a3 Rb8 16. Re1 Qb6 17. e4 Ne7 18. e5 Nf5 19. h5 Bb7 20. Rb1 Rfc8 21. Qe2 Nd4 22.
Nxd4 cxd4 23. Bxb7 Qxb7 24. h6 Bf8 25. Rd1 Bxa3 26. Rxd4 Bf8 27. Ra1 a5 28. Rd1
Qb5 29. Qe1 a4 30. Qe4 Rc4 31. Qd3 Qc6 32. Be3 Rcb4 33. Qd7 Qf3 34. Rdc1 Rb3 35.
Rxa4 R3b7 36. Rc7 Rxc7 37. Qxc7 Rxb2 38. Ra1 Rb3 39. Bf4 Rb2 40. Qa7 Qe4 41. Kh2
Qf3 42. Be3 Qh5+ 43. Kg2 Qxe5 44. Kg1 Qe4 45. Kh2 Rb1 46. Rxb1 Qxb1 47. Bd2 Qb5
48. Qa8 Qd5 49. Qxd5 exd5 1/2-1/2